Basic television And Video Systems (Record no. 86478)

MARC details
000 -LEADER
fixed length control field 00413pam a2200169 a 4500
020 ## - INTERNATIONAL STANDARD BOOK NUMBER
International Standard Book Number 07-Y66306-8
Terms of availability
040 ## - CATALOGING SOURCE
Original cataloging agency ALGP_623003
041 ## - LANGUAGE CODE
Language code of text/sound track or separate title eng
082 ## - DEWEY DECIMAL CLASSIFICATION NUMBER
Classification number 621.388
Item number GRO
100 ## - MAIN ENTRY--PERSONAL NAME
Personal name Grob, Bernard
Relator term Author
245 ## - TITLE STATEMENT
Title Basic television And Video Systems
Medium Paper
250 ## - EDITION STATEMENT
Edition statement 5th ed
260 ## - PUBLICATION, DISTRIBUTION, ETC.
Place of publication, distribution, etc. New York
Name of publisher, distributor, etc. McGraw Hill Book Company
Date of publication, distribution, etc. 1986
300 ## - PHYSICAL DESCRIPTION
Extent 464p.
500 ## - GENERAL NOTE
General note Central Library
930 ## - EQUIVALENCE OR CROSS-REFERENCE-UNIFORM TITLE HEADING [LOCAL, CANADA]
Uniform title 9573
Holdings
Withdrawn status Lost status Damaged status Not for loan Collection Home library Current library Date acquired Source of acquisition Total Checkouts Full call number Barcode Date last seen Copy number Price effective from Koha item type
          Yashwantrao Mohite College of Arts, Science And Commerce, Pune Yashwantrao Mohite College of Arts, Science And Commerce, Pune 09/06/2021 Everest Publication House   621.388 GRO YMP-30317 24/02/2023 2 24/02/2023 Book
          Yashwantrao Mohite College of Arts, Science And Commerce, Pune Yashwantrao Mohite College of Arts, Science And Commerce, Pune 09/06/2021 Everest Publication House   621.388 GRO YMP-30316 24/02/2023 1 24/02/2023 Book